| 000 | 00949nam a22002655i 4500 | ||
|---|---|---|---|
| 001 | 177749 | ||
| 003 | ES-MaACL | ||
| 005 | 20230906220413.0 | ||
| 008 | 110418s1962 sp |||| | spa d | ||
| 080 | _a821.134.2-31"19"(082.2) | ||
| 100 | 1 |
_aGonzález Niza, Sara. _9146239 |
|
| 245 | 1 | 3 |
_aEl cántaro de barro / _cSara González Niza. Historia de mi pueblo / Francisco Javier Martínez Palacio. Gente que casi vive / José Luis Cañas. Soledad / Jaime Requeijo González. |
| 260 |
_aMadrid : _bAguilar, _c1962. |
||
| 300 |
_a519 p. ; _c20 cm. |
||
| 490 | 1 |
_aNova navis ; _v15 |
|
| 700 | 0 |
_aMartínez Palacio, Francisco Javier. _9146240 |
|
| 700 | 1 |
_aCañas Fernández, José Luis. _9138739 |
|
| 700 | 1 |
_aRequeijo, Jaime. _9146241 |
|
| 740 | 0 | 2 | _aHistoria de mi pueblo. |
| 740 | 0 | 2 | _aGente que casi vive. |
| 740 | 0 | 2 | _aSoledad. |
| 830 | 0 |
_aNova navis ; _v15 _9190579 |
|
| 852 |
_aES-MaACL _jE-14948 _xOlim P-259 |
||
| 999 |
_c177749 _d177749 |
||